Statistics for Every 6 Lettered National Capital

Click here to take the quiz!

General Stats

  • This quiz has been taken 31 times
  • The average score is 31 of 45

Answer Stats

Answer% Correct
Berlin
100%
Madrid
100%
London
97%
Zagreb
93%
Ottawa
93%
Lisbon
90%
Warsaw
90%
Moscow
90%
Havana
87%
Dublin
87%
Bogota
83%
Vienna
83%
Athens
83%
Prague
80%
Tehran
77%
Astana
77%
Luanda
77%
Manila
77%
Taipei
70%
Niamey
70%
Ankara
70%
Bangui
67%
Maputo
67%
Tirana
67%
Banjul
67%
Harare
67%
Skopje
67%
Kigali
63%
Muscat
63%
Beirut
63%
Asmara
63%
Dodoma
60%
Riyadh
60%
Monaco
60%
Bamako
57%
Malabo
57%
Lusaka
57%
Manama
53%
Maseru
47%
Majuro
47%
Roseau
43%
Bissau
43%
Nassau
43%
Moroni
33%
Tarawa
20%

Score Distribution

Percentile by Number Answered

Percent of People with Each Score

Your Score History

You have not taken this quiz